000 01709cam a22004574i 4500
003 PE-LiUPU
005 20250731173445.0
008 150616s r 000 0 d
035 _a(Sirsi) a5865
040 _aPE-LiUPU
_bspa
_cPE-LiUPU
_erda
049 _aPRUA
082 0 4 _a270.6
_bW78
_221
100 1 _aWitthaus, Carlos,
_eautor.
245 1 0 _aObras de Martin Lutero.
_n5.
264 1 _aBuenos Aires :
_bEditorial Paidós,
_c1971.
300 _a548 páginas ;
_c23 cm.
336 _atext
_2rdacontent
337 _aunmediated
_2rdamedia
338 _avolume
_2rdacarrier
490 0 _aClásicos de la Religión ;
_v5
505 0 _aLutero y la fe.- Catecismo menor.- Catecismo mayor.- Lutero y los sacramentos.- Sermón acerca del dignísimo sacramento del santo y verdadero cuerpo de Cristo y de las cofradías.- Contra los profetas celestiales acerca de las imágenes y los sacramentos.- Confesión acerca de la santa cena de Cristo.
526 _aSEG42
526 _aSEG41
526 _aSEG40
526 _aSEG39
526 _aP94
526 _aP87
526 _aP86
526 _aP85
526 _aP77
526 _aP76
526 _aP35
650 0 4 _aFE EN DIOS.
910 _ajck
_bjvq
_cjck
942 _2ddc
_cBOOK
949 _a270.6 W78 5
_wDEWEY
_c1
_i28873
_lCCODEBUL1
_mBUL
_p00.00
_r0
_sY
_tBOOK
_u19950919
_xTEOLOGIA
_zUNKNOWN
_0COMPRA
_o.STAFF. Colección General
994 _aC0
_bPEPRU
596 _a1
999 _a270.6 W78 5
_wDEWEY
_c56938
_i28873
_d56938
_e2019-1-11
_f2021-11-11
_g5
_lCCODEBUL1
_mBUL
_n1
_q6
_r0
_sY
_tBOOK
_u2015-6-16
_xTEOLOGIA
_zUNKNOWN
_0COMPRA
_o.STAFF. Colección General
980 _81
_gALBERTO SANCHEZ Responsable de Automatización